| 000 | 00733nam a22002177a 4500 | ||
|---|---|---|---|
| 010 | _aBAC-CH25 | ||
| 020 |
_a9789382618447 _c225.00 |
||
| 035 | _aB-556459-490 | ||
| 035 | _aG-003113 | ||
| 037 |
_aDPL _bUBH/vendor |
||
| 082 | _aN | ||
| 100 | _aDalal, Deepak | ||
| 245 |
_aRanthambore adventure / _cDeepak Dalal |
||
| 260 |
_aBangalore _bSilverfish _c2013 |
||
| 260 |
_aNew Delhi _bwestland India _c2013 |
||
| 270 |
_a93, Ist Floor, Sham Lal road, Darya Ganj, _bNew Delhi _e110002 |
||
| 300 |
_a173p. _bill. _c20cm. (pbk) |
||
| 942 |
_2ddc _cCH _hN _mDAL |
||
| 999 |
_c86742 _d86742 |
||